00549 2200193 4500001002100000005001500021035002000036007000300056008004100059020002200100100001300122245005300135250001100188260003800199300004600237650001500283700003400298600002300332INLIS00000000000064120221128125718 a0010-1122000235ta221128 b 0 ind  a978-979-039-777-40 aLayla TM1 aIbunda Fatimah (Ra.) yang Murah Hati /cLayla TM aCet. I asolo :bZain Penyejuk Hati,c2020 a28 halaman :bilustrasi berwarna ;c20 cm 4aIstri Nabi0 aFerdian Udiyanto (ilustrator) 4abacaan Anak Muslim